Normal view
MARC view
Entry Topical Term
001 - CONTROL NUMBER
- control field: 1041
003 - CONTROL NUMBER IDENTIFIER
- control field: ARRUPE
005 - DATE AND TIME OF LATEST TRANSACTION
- control field: 20130924163418.0
008 - FIXED-LENGTH DATA ELEMENTS
- fixed length control field: 130924|| aca||aabn | a|a d
040 ## - CATALOGING SOURCE
- Original cataloging agency: ARRUPE
- Transcribing agency: ARRUPE
150 ## - HEADING--TOPICAL TERM
- Topical term or geographic name as entry element: Krishna (Hindu deity)
- General subdivision: Cult
- General subdivision: Early works to 1800.
670 ## - SOURCE DATA FOUND
- Source citation: Work cat.: (ARRUPE)0: Rūpagosvāmī, active 16th century. 1039, The nectar of instruction ; an authorized English presentation of Śrīla Rūpa Gosvāmī's Śrī Upadeśāmṛta /, c1975.